[Event "Torredembarra op 13th"]
[Site "Torredembarra"]
[Date "2011.07.09"]
[Round "8"]
[White "Kukov, Velislav"]
[Black "Abreu Delgado, Aryam"]
[Result "0-1"]
[WhiteElo "2377"]
[BlackElo "2479"]
[PlyCount "131"]
[EventDate "2011.07.02"]
[EventType "swiss"]
[EventRounds "9"]
[EventCountry "ESP"]
[SourceTitle "EXT 2012"]
[Source "ChessBase"]
[SourceDate "2011.11.24"]
[SourceVersion "1"]
[SourceVersionDate "2011.11.24"]
[SourceQuality "1"]

1. d4 Nf6 2. Nf3 g6 3. g3 Bg7 4. Bg2 d5 5. 0-0 0-0 6. Ne5 c6 7. c4 dxc4 8. Nxc4 Be6 9. Ne3 Qd7 10. Nc3 Rd8 11. Nc2 Bh3 12. Bf4 Bxg2 13. Kxg2 c5 14. e3 cxd4 15. Nxd4 Nd5 16. Bxb8 Raxb8 17. Qf3 Nxc3 18. bxc3 Qd5 19. Rab1 Qxf3+ 20. Kxf3 Rd7 21. Ke2 Rc8 22. Rb3 b6 23. Rd1 e6 24. Nb5 Rxd1 25. Kxd1 a6 26. Nd4 b5 27. Kd2 Rc4 28. Ra3 Bxd4 29. cxd4 Rc6 30. Rc3 Rd6 31. Rc5 Kf8 32. Kc3 Ke7 33. Rc7+ Ke8 34. Kb4 e5 35. Kc5 Rf6 36. f4 exf4 37. exf4 g5 38. Ra7 gxf4 39. gxf4 h5 40. d5 h4 41. Ra8+ Kd7 42. Ra7+ Kc8 43. d6 Rxf4 44. Rxa6 Rf2 45. h3 Rf3 46. Ra8+ Kd7 47. Ra7+ Kd8 48. Kxb5 Rxh3 49. Rxf7 Ra3 50. Rf2 Kd7 51. Rd2 h3 52. Kb4 Rg3 53. a4 Rg2 54. Rd3 Rg4+ 55. Kb5 Rh4 56. Rd1 h2 57. Rh1 Kxd6 58. a5 Rh5+ 59. Kb6 Rh3 60. Rd1+ Ke5 61. a6 h1Q 62. Rxh1 Rxh1 63. a7 Rb1+ 64. Kc7 Ra1 65. Kb7 Rxa7+ 66. Kxa7 0-1

[Event "Torredembarra op 13th"]
[Site "Torredembarra"]
[Date "2011.07.07"]
[Round "6"]
[White "Abreu Delgado, Aryam"]
[Black "Munoz Pantoja, Miguel Angel"]
[Result "1/2-1/2"]
[WhiteElo "2479"]
[BlackElo "2482"]
[PlyCount "61"]
[EventDate "2011.07.02"]
[EventType "swiss"]
[EventRounds "9"]
[EventCountry "ESP"]
[SourceTitle "EXT 2012"]
[Source "ChessBase"]
[SourceDate "2011.11.24"]
[SourceVersion "1"]
[SourceVersionDate "2011.11.24"]
[SourceQuality "1"]

1. e4 c5 2. Nf3 Nc6 3. d4 cxd4 4. Nxd4 Nf6 5. Nc3 e5 6. Ndb5 d6 7. Bg5 a6 8. Na3 b5 9. Nd5 Qa5+ 10. Bd2 Qd8 11. c4 Nxe4 12. cxb5 Be6 13. Bc4 Ne7 14. Be3 Rc8 15. Bb6 Qd7 16. bxa6 Rxc4 17. a7 Bxd5 18. Nxc4 Qb5 19. Qb3 Qa6 20. 0-0 Nc8 21. Nxd6+ Bxd6 22. Qxd5 Nxb6 23. Qxe4 Qxa7 24. a4 0-0 25. Rfd1 Bc5 26. Qxe5 Nc4 27. Qe2 Nd6 28. Qc2 Re8 29. Re1 Rc8 30. Rad1 Qb8 31. Rf1 1/2-1/2

[Event "Capablanca Memorial op-A 46th"]
[Site "Havana"]
[Date "2011.05.18"]
[Round "7"]
[White "Otero Acosta, Diasmany"]
[Black "Abreu Delgado, Aryam"]
[Result "1-0"]
[WhiteElo "2440"]
[BlackElo "2485"]
[PlyCount "39"]
[EventDate "2011.05.11"]
[EventType "swiss"]
[EventRounds "10"]
[EventCountry "CUB"]
[SourceTitle "CBM 142 Extra"]
[Source "ChessBase"]
[SourceDate "2011.06.27"]
[SourceVersion "1"]
[SourceVersionDate "2011.06.27"]
[SourceQuality "1"]

1. d4 Nf6 2. c4 g6 3. Nc3 d5 4. Bf4 Bg7 5. e3 c6 6. Nf3 0-0 7. h3 Be6 8. Ng5 Bf5 9. g4 Bc8 10. Be2 b6 11. h4 dxc4 12. h5 b5 13. Qc2 h6 14. Nxf7 Rxf7 15. hxg6 Rf8 16. Bxh6 Bxh6 17. Rxh6 Kg7 18. g5 Ne8 19. Qe4 Qd7 20. Bg4 1-0